000 00295nam a22001337a 4500
020 _qPB.
027 _qPET
040 _cFIZZA ISHAQ
100 _aNEWMAN,PETER.
_989069
245 _aRESILIENT CITIES /
_cPETER NEWMAN.
260 _aNEW YORK ;
_c1988.
300 _a166 P. ;
942 _2ddc
_cBK
999 _c587909
_d587909